| 000 | 00741nam a2200217Ii 4500 | ||
|---|---|---|---|
| 003 | JO-AjNU | ||
| 008 | 230605s9999||||xx |||||||||||||| ||und|| | ||
| 020 | _a978-9957-81-079-5 | ||
| 040 |
_aJO-AjNU _bara _erda _cJO-AjNU |
||
| 041 | _aara | ||
| 050 | 1 | 4 | _aJC311.Z8775.1983 |
| 100 | 3 |
_aزريق، قسطنطين, _eauthor _940115 |
|
| 245 | 0 | 0 | _aمطالب المستقبل العربي هموم وتساؤلات |
| 250 | _aط1 | ||
| 264 | 3 | 1 | _aبيروت :دار العلم للملايين،1983 |
| 300 | _a271ص | ||
| 336 |
_atext _btxt _2rdacontent |
||
| 337 |
_aunmediated _bn _2rdamedia |
||
| 338 |
_avolume _bnc _2rdacarrier |
||
| 650 | 4 |
_aوحدة عربية - مقالات - محاضرات -عالم عربي -حضارة _940116 |
|
| 999 |
_aA16997 _c20565 _d20565 |
||